000 00334nam a2200121 a 4500
005 20140414131858.0
008 100914s19uu xx 00 eng d
050 _aFIL
_bW55 2005
100 _aSantos, Marivic
245 _aWhy fireflies have light on their bodies.
260 _aManila, Philippines :
_bJo-Es,
_c2005.
999 _c110533
_d110533